000 00555nam a2200169 i 4500
001 25994
003 ES-MaACL
005 20230906153352.0
007 t|
008 030107s1946 mx ||||1| spa d
245 0 0 _aArte prehistórico de México.
260 _aMéxico :
_b[s.n.,
_c1946] (
_fFrancisco Orozco Muñoz)
300 _aXI, 53 lám. ;
_c23 cm.
500 _aPrecede al tít.: Instituto Nacional de Antropología e Historia.
710 2 _aInstituto Nacional de Antropología e Historia (
_cMéxico)
_95141
852 _aES-MaACL
_jC-5194
_bR.26021
999 _c25994
_d25994